[Event "ARG-chT"]
[Site "Villa Martelli"]
[Date "2018.08.18"]
[Round "7.2"]
[White "Pichot, Alan"]
[Black "Perelman, Hernan"]
[Result "1-0"]
[WhiteElo "2564"]
[BlackElo "2282"]
[PlyCount "55"]
[EventDate "2018.07.07"]
[EventType "team-swiss"]
[EventRounds "9"]
[EventCountry "ARG"]
[SourceTitle "CBM 187 Extra"]
[Source "ChessBase"]
[SourceDate "2018.11.04"]
[SourceVersion "1"]
[SourceVersionDate "2018.11.04"]
[SourceQuality "1"]
[WhiteTeam "Obras AySa"]
[BlackTeam "Club Argentino"]
[WhiteTeamCountry "ARG"]
[BlackTeamCountry "ARG"]

1. e4 d6 2. d4 Nf6 3. Nc3 e5 4. Nf3 Nbd7 5. Bc4 Be7 6. a4 0-0 7. 0-0 a5 8. Re1 c6 9. h3 h6 10. Ba2 Re8 11. Be3 Qc7 12. Qe2 Nf8 13. Qc4 Bd8 14. d5 Ng6 15. Rad1 Nh5 16. dxc6 bxc6 17. Rxd6 Re6 18. Red1 Be7 19. R6d2 Qb8 20. Qb3 Rf6 21. Nh2 Nhf4 22. Rd8+ Kh7 23. Ng4 Bxd8 24. Rxd8 Qxb3 25. Nxf6+ gxf6 26. Bxb3 Kg7 27. Rd6 Ne7 28. Bc5 1-0

[Event "Porlamar Caraballo Moya Memorial"]
[Site "Porlamar"]
[Date "2016.01.31"]
[Round "9.3"]
[White "Gascon del Nogal, Jose Rafael"]
[Black "Perelman, Hernan"]
[Result "1/2-1/2"]
[WhiteElo "2457"]
[BlackElo "2335"]
[PlyCount "90"]
[EventDate "2016.01.27"]
[EventType "tourn"]
[EventRounds "10"]
[EventCountry "VEN"]
[EventCategory "3"]
[SourceTitle "EXT 2018"]
[Source "ChessBase"]
[SourceDate "2017.10.13"]
[SourceVersion "1"]
[SourceVersionDate "2017.10.13"]
[SourceQuality "1"]

1. e4 d6 2. d4 Nf6 3. Nc3 e5 4. Nf3 Nbd7 5. Bc4 Be7 6. a4 a5 7. 0-0 0-0 8. h3 c6 9. Re1 h6 10. Ba2 Re8 11. Be3 exd4 12. Nxd4 Bf8 13. Nf5 Nc5 14. Bxc5 Bxf5 15. Bxd6 Nxe4 16. Nxe4 Rxe4 17. Rxe4 Bxe4 18. Bxf8 Kxf8 19. Qe2 Bg6 20. Re1 Qf6 21. c3 Rd8 22. g3 Kg8 23. h4 h5 24. Bc4 Kf8 25. Qe3 Kg8 26. Be2 Rd5 27. Bf3 Rd3 28. Qe8+ Kh7 29. Re3 Qd6 30. Kg2 Rd2 31. Re2 Rxe2 32. Qxe2 Qc5 33. Qd1 Qb6 34. Bxh5 Qxb2 35. Bxg6+ fxg6 36. Qd3 b5 37. h5 bxa4 38. Qxg6+ Kh8 39. Qe8+ Kh7 40. Qe4+ Kh8 41. Qxc6 a3 42. Qe8+ Kh7 43. Qe4+ Kg8 44. Qe8+ Kh7 45. Qe4+ Kh8 1/2-1/2

[Event "Porlamar Caraballo Moya Memorial"]
[Site "Porlamar"]
[Date "2016.01.29"]
[Round "6.2"]
[White "Bobadilla Viera, Jorge Samuel"]
[Black "Perelman, Hernan"]
[Result "1/2-1/2"]
[WhiteElo "2149"]
[BlackElo "2335"]
[PlyCount "86"]
[EventDate "2016.01.27"]
[EventType "tourn"]
[EventRounds "10"]
[EventCountry "VEN"]
[EventCategory "3"]
[SourceTitle "EXT 2018"]
[Source "ChessBase"]
[SourceDate "2017.10.13"]
[SourceVersion "1"]
[SourceVersionDate "2017.10.13"]
[SourceQuality "1"]

1. e4 d6 2. d4 Nf6 3. Nc3 e5 4. Nf3 Nbd7 5. Bc4 Be7 6. 0-0 0-0 7. a4 a5 8. Re1 c6 9. h3 h6 10. b3 Re8 11. Bf1 exd4 12. Nxd4 Bf8 13. g3 Qb6 14. Ba3 d5 15. Bxf8 Nxf8 16. e5 N6d7 17. f4 f6 18. e6 Rxe6 19. Qd2 Rxe1 20. Rxe1 Nc5 21. Kh2 Bd7 22. Bg2 Qb4 23. f5 Re8 24. Rxe8 Bxe8 25. Qe3 Bf7 26. Nce2 Ncd7 27. Nf3 Qc5 28. Ned4 Qd6 29. Qc3 Qb4 30. Qe3 Qd6 31. Qc3 Qc7 32. Nb5 Qb8 33. Nbd4 c5 34. Nb5 b6 35. Qe1 Ne5 36. Nd2 Nfd7 37. Qh1 d4 38. Ne4 Kh7 39. Ned6 Bg8 40. Bd5 Qf8 41. Be6 Qe7 42. Qd5 Bxe6 43. Qxe6 Qd8 1/2-1/2

[Event "Porlamar Caraballo Moya Memorial"]
[Site "Porlamar"]
[Date "2016.01.27"]
[Round "1.2"]
[White "Perelman, Hernan"]
[Black "Bobadilla Viera, Jorge Samuel"]
[Result "1-0"]
[WhiteElo "2335"]
[BlackElo "2149"]
[PlyCount "109"]
[EventDate "2016.01.27"]
[EventType "tourn"]
[EventRounds "10"]
[EventCountry "VEN"]
[EventCategory "3"]
[SourceTitle "EXT 2018"]
[Source "ChessBase"]
[SourceDate "2017.10.13"]
[SourceVersion "1"]
[SourceVersionDate "2017.10.13"]
[SourceQuality "1"]

1. d4 Nf6 2. c4 g6 3. Nc3 Bg7 4. e4 0-0 5. Be2 c5 6. d5 e5 7. g4 d6 8. Bg5 h6 9. Be3 Ne8 10. h4 f5 11. h5 f4 12. Bd2 g5 13. f3 a6 14. a3 Nd7 15. Nh3 Bf6 16. Nf2 Rf7 17. 0-0 Qc7 18. b4 Bd8 19. Kg2 b6 20. Nd3 Ndf6 21. Qb3 Qb8 22. Rab1 Rb7 23. Rb2 Qc7 24. Rfb1 Rab8 25. Qa4 Bd7 26. Qd1 Ng7 27. Rb3 Bc8 28. Qe1 Nd7 29. R3b2 Ne8 30. a4 Ndf6 31. Qc1 Nd7 32. Be1 Ndf6 33. a5 bxa5 34. bxc5 dxc5 35. Rxb7 Rxb7 36. Rxb7 Bxb7 37. Na4 Nd7 38. Bc3 Be7 39. Qa1 Bd6 40. Qe1 Bc8 41. Bxa5 Qb8 42. Qd1 Kf7 43. Qc2 Ke7 44. Bd1 Qa7 45. Qb2 Bc7 46. Bc3 Kf6 47. Bc2 Bb7 48. Qa3 Bb6 49. Nxb6 Qxb6 50. Ba5 Qa7 51. Ba4 Bc8 52. Bd8+ Kg7 53. Qb2 Kg8 54. Nxe5 Nd6 55. Ng6 1-0

[Event "ARG-chT"]
[Site "Villa Martelli"]
[Date "2015.10.10"]
[Round "7.1"]
[White "Perelman, Hernan"]
[Black "Iermito, Sebastian"]
[Result "0-1"]
[WhiteElo "2334"]
[BlackElo "2483"]
[PlyCount "93"]
[EventDate "2015.08.29"]
[EventType "team-swiss"]
[EventRounds "9"]
[EventCountry "ARG"]
[SourceTitle "EXT 2017"]
[Source "ChessBase"]
[SourceDate "2016.10.25"]
[SourceVersion "1"]
[SourceVersionDate "2016.10.25"]
[SourceQuality "1"]
[WhiteTeam "Club Argentino"]
[BlackTeam "Obras AySa"]
[WhiteTeamCountry "ARG"]
[BlackTeamCountry "ARG"]

1. d4 Nf6 2. Nf3 g6 3. Bf4 Bg7 4. e3 d6 5. h3 0-0 6. Be2 b6 7. 0-0 Bb7 8. Bh2 Nbd7 9. c4 c5 10. Nc3 cxd4 11. Nxd4 Rc8 12. Rc1 a6 13. Qd2 Rc5 14. Nb3 Rc7 15. f3 Bh6 16. Bg3 Ne5 17. Nd5 Nxd5 18. cxd5 b5 19. f4 Nc4 20. Bxc4 bxc4 21. Na5 Bxd5 22. Qxd5 Rc5 23. Nb7 Rxd5 24. Nxd8 Rxd8 25. Rxc4 Rd3 26. Bf2 Rd2 27. Rb1 Rb8 28. Rc6 a5 29. Ra6 Rc8 30. Be1 Re2 31. Bc3 Rxe3 32. Rxa5 Bxf4 33. a4 Be5 34. Bxe5 dxe5 35. Kf2 Re4 36. Kf3 Rcc4 37. b3 Rb4 38. Ra8+ Kg7 39. a5 Red4 40. Rb2 Rd3+ 41. Ke2 Rdxb3 42. Rxb3 Rxb3 43. Ra7 Kf6 44. Rc7 Ra3 45. Rc6+ Kf5 46. a6 Ra2+ 47. Kf3 0-1

[Event "ARG-ch sf 90th"]
[Site "Buenos Aires"]
[Date "2015.08.21"]
[Round "2"]
[White "Perelman, Hernan"]
[Black "Balzano, Ivan"]
[Result "1/2-1/2"]
[WhiteElo "2337"]
[BlackElo "2047"]
[PlyCount "37"]
[EventDate "2015.08.20"]
[EventType "swiss"]
[EventRounds "9"]
[EventCountry "ARG"]
[SourceTitle "EXT 2016"]
[Source "ChessBase"]
[SourceDate "2015.10.08"]
[SourceVersion "1"]
[SourceVersionDate "2015.10.08"]
[SourceQuality "1"]

1. d4 Nf6 2. Nf3 c5 3. c3 g6 4. Bf4 Bg7 5. e3 0-0 6. h3 b6 7. a4 a6 8. Nbd2 d6 9. Be2 Bb7 10. 0-0 Nbd7 11. Bh2 Ra7 12. Qb3 Qa8 13. c4 Rb8 14. d5 b5 15. e4 Nxe4 16. Nxe4 bxc4 17. Qc2 Bxd5 18. Nc3 Rb4 19. Rfd1 1/2-1/2

[Event "Buenos Aires La Porta Cup"]
[Site "Buenos Aires"]
[Date "2014.12.18"]
[Round "6"]
[White "Perelman, Hernan"]
[Black "Saldano Dayer, Horacio"]
[Result "1/2-1/2"]
[WhiteElo "2355"]
[BlackElo "2452"]
[PlyCount "32"]
[EventDate "2014.12.13"]
[EventType "swiss"]
[EventRounds "9"]
[EventCountry "ARG"]
[SourceTitle "EXT 2016"]
[Source "ChessBase"]
[SourceDate "2015.10.08"]
[SourceVersion "1"]
[SourceVersionDate "2015.10.08"]
[SourceQuality "1"]

1. d4 Nf6 2. c4 g6 3. Nc3 d5 4. Nf3 Bg7 5. cxd5 Nxd5 6. g3 0-0 7. Bg2 c5 8. 0-0 Nxc3 9. bxc3 Nc6 10. Rb1 cxd4 11. Nxd4 Nxd4 12. cxd4 Qxd4 13. Be3 Qc4 14. Qd2 Be6 15. Rxb7 Rad8 16. Qc1 Qxa2 1/2-1/2